[Event "AUTO-ADV-1647"]
[Site "http://www.queenalice.com/game.php?id=771908"]
[Date "2010.5.7"]
[Round "2"]
[White "Nille"]
[Black "Arkyng"]
[Result "0-1"]
[WhiteElo "1854"]
[BlackElo "2196"]

1. e4 e5 2. Nf3 Nc6 3. Bc4 Bc5 4. d3 d6 5. h3 Nf6 6. O-O O-O 7. a3 Be6 8. Bxe6
fxe6 9. Nc3 Bd4 10. Bd2 Qd7 11. Rb1 d5 12. exd5 exd5 13. Ne2 Bb6 14. b4 e4 15.
dxe4 dxe4 16. Nh2 Rad8 17. Bg5 Qf5 18. Qc1 Ne5 19. Bf4 Nh5 20. Bxe5 Bxf2+ 21.
Kh1 Qxe5 22. Ng4 Ng3+ 23. Nxg3 Qxg3 24. Rb3 Qh4 25. Nxf2 Rxf2 26. Re3 Rdd2 27.
Rxf2 Rxf2 28. c4 Qg5 29. Qg1 Qxe3 30. a4 Qe2 31. Kh2 Qf1 32. b5 e3 0-1

[Event "AUTO-ELITE-517"]
[Site "http://www.queenalice.com/game.php?id=778622"]
[Date "2010.5.21"]
[Round "2"]
[White "Arkyng"]
[Black "arvo1938"]
[Result "0-1"]
[WhiteElo "2229"]
[BlackElo "2366"]

1. e4 d5 2. exd5 Nf6 3. Nf3 Nxd5 4. d4 e6 5. Be2 Bd6 6. c4 Nf4 7. Bf1 c6 8. Nc3
O-O 9. h4 Nd7 10. g3 Nh5 11. Bg2 Nhf6 12. O-O e5 13. Bg5 exd4 14. Qxd4 Bc5 15.
Qd2 h6 16. Bf4 Nb6 17. Qc2 Nh5 18. Be5 Nxc4 19. Rfe1 Be6 20. b3 Na3 21. Qb2 Bb4
22. Nd4 Bc8 0-1

[Event "AUTO-ELITE-517"]
[Site "http://www.queenalice.com/game.php?id=778623"]
[Date "2010.5.21"]
[Round "2"]
[White "arvo1938"]
[Black "Arkyng"]
[Result "1-0"]
[WhiteElo "2374"]
[BlackElo "2221"]

1. d4 Nf6 2. c4 c5 3. d5 e5 4. Nc3 d6 5. e4 Be7 6. Nf3 Nbd7 7. Be2 Nf8 8. O-O
Ng6 9. Bd2 O-O 10. Ne1 Bd7 11. Nd3 a6 12. a4 Qa5 13. Qc2 Rfc8 14. b3 Qc7 15. a5
b5 16. axb6 Qxb6 17. Ra3 Rcb8 18. Rb1 a5 19. Rba1 Bd8 20. g3 Qb7 21. f3 Ne8 22.
Qb2 Ra6 23. Qc1 1-0

[Event "Let's Play Chess!"]
[Site "http://www.queenalice.com/game.php?id=934819"]
[Date "2011.5.13"]
[Round "-"]
[White "dnptrs"]
[Black "Arkyng"]
[Result "0-1"]
[WhiteElo "2110"]
[BlackElo "2175"]

1. d4 d5 2. Nf3 Nf6 3. g3 c5 4. Bg2 cxd4 5. Nxd4 e5 6. Nf3 Nc6 7. O-O Bf5 8. c4
dxc4 9. Qa4 e4 10. Ne5 Qa5 11. Qxa5 Nxa5 12. Bd2 Bd6 13. Nxf7 Kxf7 14. Bxa5 Rhe8
15. Rc1 Rac8 16. Be1 Bc5 17. Nc3 Kg8 18. h3 Bd7 19. Kf1 b5 20. g4 b4 21. Nd1 Bb5
22. Kg1 Nd5 23. Bf1 e3 24. f3 Bd4 25. Bg3 c3 26. bxc3 bxc3 0-1

[Event "Let's Play Chess!"]
[Site "http://www.queenalice.com/game.php?id=934882"]
[Date "2011.5.13"]
[Round "-"]
[White "Arkyng"]
[Black "Xmen"]
[Result "1-0"]
[WhiteElo "2185"]
[BlackElo "2146"]

1. c4 e5 2. Nc3 Nc6 3. Nf3 Nf6 4. g3 d5 5. cxd5 Nxd5 6. Bg2 Nb6 7. O-O Be7 8. a3
O-O 9. d3 Be6 10. b4 f6 11. Ne4 a5 12. Nc5 Bxc5 13. bxc5 Nd7 14. Be3 a4 15. Qb1
Na5 16. Qb4 Nb3 17. Rad1 Bd5 18. d4 exd4 19. Nxd4 Bxg2 20. Kxg2 Nxd4 21. Rxd4
Qc8 22. Rb1 b6 23. Qc4+ Kh8 24. cxb6 Nxb6 25. Qc6 Re8 26. Bf4 Ra7 27. e4 Re6 28.
Rbd1 Re8 29. Rc1 h6 30. Bxc7 Na8 31. Bd6 Qxc6 32. Rxc6 Kh7 33. f4 Rd8 34. Rdc4
Re8 35. e5 fxe5 36. fxe5 1-0

[Event "Let's play?"]
[Site "http://www.queenalice.com/game.php?id=937515"]
[Date "2011.5.13"]
[Round "-"]
[White "Arkyng"]
[Black "eddval"]
[Result "1-0"]
[WhiteElo "2150"]
[BlackElo "2152"]

1. e4 e5 2. Nf3 Nc6 3. Bb5 a6 4. Ba4 Bc5 5. c3 Qe7 6. d4 exd4 7. O-O d3 8. Qxd3
b5 9. Bc2 d6 10. a4 b4 11. Nbd2 Nf6 12. Nb3 h6 13. Nxc5 dxc5 14. Re1 Bb7 15. e5
Ng4 16. Qf5 h5 17. e6 f6 18. h3 Nge5 19. Rxe5 Nxe5 20. Nxe5 fxe5 21. Qg6+ Kf8
22. Bg5 1-0

[Event "AUTO-MASTER-1407"]
[Site "http://www.queenalice.com/game.php?id=937532"]
[Date "2011.5.13"]
[Round "1"]
[White "capito"]
[Black "Arkyng"]
[Result "1-0"]
[WhiteElo "2192"]
[BlackElo "2220"]

1. e4 e6 2. d4 d5 3. Nd2 c5 4. exd5 exd5 5. dxc5 Bxc5 6. Nb3 Bd6 7. Nf3 Nc6 8.
Be2 Nf6 9. Bg5 O-O 10. O-O h6 11. Bh4 Re8 12. Re1 Bg4 13. h3 Bxf3 14. Bxf3 g5
15. Bg3 Bxg3 16. fxg3 Qc7 17. Rxe8+ Rxe8 18. g4 Ne5 19. c3 Qd6 20. Nd4 Qb6 21.
Qc2 Nc6 22. Rd1 Nxd4 23. Rxd4 Re1+ 24. Kh2 Rf1 25. Qe2 Rb1 26. Qe5 Qe6 27. Qb8+
Kg7 28. Rd2 Qe3 29. Re2 Qg1+ 30. Kg3 Qc1 31. Qe5 Rxb2 32. Rxb2 Qxb2 33. Bxd5 Qb5
34. c4 Qc5 35. Qc3 b6 36. Kf3 b5 37. a3 Qd6 38. g3 a5 39. Ke2 bxc4 40. Bxc4 Qc6
41. Kf2 a4 42. Qd4 Qb7 43. Qe3 Qh1 44. Bf1 Qc6 45. Be2 Qd5 46. Kg1 Qb3 47. Qf3
Nd7 48. Bd1 Qb2 49. Qd5 Qxa3 50. Qxd7 Qxg3+ 51. Kf1 Qxh3+ 52. Ke1 Qc3+ 53. Qd2
Qe5+ 54. Qe2 Qa1 55. Kf2 Qd4+ 56. Kg3 a3 57. Bb3 Qd6+ 58. Kg2 Qc6+ 59. Qf3 1-0

[Event "AUTO-MASTER-1407"]
[Site "http://www.queenalice.com/game.php?id=937533"]
[Date "2011.5.13"]
[Round "1"]
[White "Arkyng"]
[Black "capito"]
[Result "0-1"]
[WhiteElo "2207"]
[BlackElo "2205"]

1. d4 Nf6 2. c4 d6 3. Nc3 g6 4. e4 Bg7 5. Be2 O-O 6. Bg5 c5 7. d5 h6 8. Be3 Nbd7
9. Nf3 Ng4 10. Bd2 a6 11. O-O Nde5 12. Ne1 Nf6 13. f4 Ned7 14. Nd3 Nb6 15. e5
Ne8 16. Qb3 Bf5 17. Nd1 a5 18. Ne3 a4 19. Qa3 Bxd3 20. Bxd3 dxe5 21. fxe5 Bxe5
22. Qxc5 Nd7 23. Qa3 Bd6 24. Qc3 Be5 25. Qc2 a3 26. Ng4 Bd4+ 27. Kh1 axb2 28.
Nxh6+ Kg7 29. Rae1 Nef6 30. Nxf7 Rxf7 31. Bxg6 Rf8 32. Qd3 Ne5 33. Qxd4 Nxg6 34.
Qxb2 Qc7 35. Bg5 Qxc4 36. Bxf6+ exf6 37. Qxb7+ Kg8 38. Rc1 Qe2 39. Rfe1 Qh5 40.
d6 Ne5 41. Rc7 Kh8 42. Qb3 Rab8 43. Qg3 Rg8 44. Qf4 Ng4 45. Rec1 Rb4 46. Qg3
Nxh2 47. R7c5 Qh6 48. Qxh2 Rh4 49. Qxh4 Qxh4+ 50. Kg1 Qh3 51. R1c2 Qe3+ 52. Kh2
Qf4+ 53. Kg1 Re8 54. Rc8 Rxc8 55. Rxc8+ Kg7 56. Rc6 Kg6 57. Ra6 Qc4 58. d7 Qd4+
0-1

[Event "AUTO-MASTER-1407"]
[Site "http://www.queenalice.com/game.php?id=937544"]
[Date "2011.5.13"]
[Round "1"]
[White "jrafaelcc"]
[Black "Arkyng"]
[Result "0-1"]
[WhiteElo "2158"]
[BlackElo "2204"]

1. e4 e6 2. d4 d5 3. Nd2 c5 4. Ngf3 Nf6 5. exd5 exd5 6. Bb5+ Bd7 7. Bxd7+ Nbxd7
8. O-O Be7 9. Re1 O-O 10. c3 Re8 11. Nf1 Qb6 12. Ne3 Bd6 13. h3 Rac8 14. Nf5
Rxe1+ 15. Qxe1 Re8 16. Qd1 c4 17. b3 Bc7 18. Ba3 Qe6 19. Qc2 Ne4 20. g4 g6 21.
N5h4 h5 22. Nh2 Ng5 23. Kg2 Bxh2 24. Kxh2 hxg4 25. Rg1 Nxh3 26. bxc4 Nxg1 27.
cxd5 Qxd5 28. Nxg6 Qh5+ 0-1

[Event "AUTO-MASTER-1407"]
[Site "http://www.queenalice.com/game.php?id=937545"]
[Date "2011.5.13"]
[Round "1"]
[White "Arkyng"]
[Black "jrafaelcc"]
[Result "1-0"]
[WhiteElo "2162"]
[BlackElo "2193"]

1. e4 c5 2. Nf3 d6 3. d4 cxd4 4. Nxd4 Nf6 5. Nc3 a6 6. Be2 e5 7. Nb3 Be7 8. O-O
Be6 9. f4 Qc7 10. Kh1 Nbd7 11. a4 Bxb3 12. cxb3 Nc5 13. Be3 Ncxe4 14. Nxe4 Nxe4
15. Rc1 Qb8 16. Bb6 O-O 17. Bf3 Nc5 18. fxe5 Ne6 19. exd6 Bxd6 20. g3 Bc7 21.
Bxc7 Nxc7 22. Qd7 Ne6 23. Bd5 Qe5 24. Rce1 Qxb2 25. Rxf7 Rxf7 26. Qxe6 1-0

[Event "AUTO-MASTER-1407"]
[Site "http://www.queenalice.com/game.php?id=937552"]
[Date "2011.5.13"]
[Round "1"]
[White "Arkyng"]
[Black "gedalias"]
[Result "1-0"]
[WhiteElo "2196"]
[BlackElo "2059"]

1. c4 d5 2. cxd5 Qxd5 3. Nc3 Qd8 4. Nf3 Nf6 5. d4 e6 6. e4 c6 7. Be2 Bb4 8. O-O
Bxc3 9. bxc3 Nxe4 10. Qc2 Nf6 11. Ba3 Nbd7 12. Rad1 b6 13. Ne5 Nxe5 14. dxe5 Nd7
15. Rd2 Qc7 16. Bd6 Qb7 17. Qe4 f6 18. Bh5+ g6 19. Bxg6+ hxg6 20. Qxg6+ 1-0

[Event "AUTO-MASTER-1407"]
[Site "http://www.queenalice.com/game.php?id=937553"]
[Date "2011.5.13"]
[Round "1"]
[White "gedalias"]
[Black "Arkyng"]
[Result "0-1"]
[WhiteElo "1992"]
[BlackElo "2215"]

1. e4 e6 2. d4 d5 3. Bd3 c5 4. c3 dxe4 5. Bxe4 Nf6 6. Bf3 Be7 7. Ne2 e5 8. dxe5
Qxd1+ 9. Kxd1 Ng4 10. Bxg4 Bxg4 11. f3 Bd7 12. Kd2 Nc6 13. f4 O-O-O 14. Ke3 f6
15. exf6 Bxf6 16. Re1 Rhf8 17. Kf2 Ne5 18. Kg1 Nd3 19. Rf1 Bg4 20. Ng3 Bh4 21.
Ne4 Be2 22. g3 Bxf1 23. Kxf1 Nxc1 24. Nbd2 Nd3 25. gxh4 Nxb2 0-1